Welcome to the Holygrace Academy Library

Please use search bar below to get started

THE LUNGS AND THE RESPIRATORY SYSTEM (Record no. 6267)

MARC details
000 -LEADER
fixed length control field 00263nam a22001217a 4500
020 ## - INTERNATIONAL STANDARD BOOK NUMBER
ISBN 001
082 ## - DEWEY DECIMAL CLASSIFICATION NUMBER
Classification number 001
Item number LEA/L
245 ## - TITLE STATEMENT
Title THE LUNGS AND THE RESPIRATORY SYSTEM
260 ## - PUBLICATION, DISTRIBUTION, ETC. (IMPRINT)
Place of publication NEW DELHI
Name of publisher LEARNERS PRESS
300 ## - PHYSICAL DESCRIPTION
Number of Pages 31
650 ## - SUBJECT ADDED ENTRY--TOPICAL TERM
Topical Term GK
Geographic subdivision NEW DELHI
942 ## - ADDED ENTRY ELEMENTS (KOHA)
Koha item type Books
Holdings
Withdrawn status Lost status Collection code Home library Current library Shelving location Date acquired Source of acquisition Cost, normal purchase price Full call number Accession Number Koha item type
    G.K Main Library Main Library SHELF-17E-SCIENCE RELATED BOOKS 01/06/2017 PURCHASE 25.00 001 LEA/L 04382 Books